Get to know the FIDIC conditions of contract (Record no. 69114)

MARC details
000 -LEADER
fixed length control field 01466cam a2200241 4500
001 - CONTROL NUMBER
control field ABS64855
008 - FIXED-LENGTH DATA ELEMENTS--GENERAL INFORMATION
fixed length control field 011214n2001 000 0 eng u
035 ## - SYSTEM CONTROL NUMBER
System control number (Sirsi) u116002
100 ## - MAIN ENTRY--PERSONAL NAME
Personal name Cottam, G
245 ## - TITLE STATEMENT
Title Get to know the FIDIC conditions of contract
260 ## - PUBLICATION, DISTRIBUTION, ETC.
Date of publication, distribution, etc. 2001
490 ## - SERIES STATEMENT
Series statement Construction News
Volume/sequential designation (6741) 8 November 2001, 38(1)
520 ## - SUMMARY, ETC.
Summary, etc. Examines the 1999 edition of the FIDIC conditions of contract which are becoming increasingly popular in Europe as contractors operate across national borders. Recommends a new book to practitioners, "FIDIC users' guide - a practical guide to the 1999 Red Book" by Brian Totterdill which sets out the procedures that are required by the new editions. Explains how FIDIC deals with procedures in relation to claims; the right to extensions of time and increased payments is lost if notice of a claim is not given within 28 days of when the contractor 'became aware, or should have become aware, of the event' giving rise to the claim. Also considers FIDIC's use of the Dispute Adjudication Board as the chosen method of resolving disputes on an interim basis.
590 ## - LOCAL NOTE (RLIN)
Local note ABS
650 ## - SUBJECT ADDED ENTRY--TOPICAL TERM
Topical term or geographic name entry element FIDIC CONDITIONS OF CONTRACT
650 ## - SUBJECT ADDED ENTRY--TOPICAL TERM
Topical term or geographic name entry element DISPUTE RESOLUTION
9 (RLIN) 6236
650 ## - SUBJECT ADDED ENTRY--TOPICAL TERM
Topical term or geographic name entry element DISPUTE ADJUDICATION BOARD
650 ## - SUBJECT ADDED ENTRY--TOPICAL TERM
Topical term or geographic name entry element INTERNATIONAL CONSTRUCTION CONTRACTS
650 ## - SUBJECT ADDED ENTRY--TOPICAL TERM
Topical term or geographic name entry element RICS APPRAISAL AND VALUATION MANUAL
650 ## - SUBJECT ADDED ENTRY--TOPICAL TERM
Topical term or geographic name entry element CLAIMS
690 ## - LOCAL SUBJECT ADDED ENTRY--TOPICAL TERM (OCLC, RLIN)
Topical term or geographic name as entry element BUILT ENVIRONMENT-BUILDING CONTRACT FORMS
942 ## - ADDED ENTRY ELEMENTS (KOHA)
Suppress in OPAC 0
Holdings
Withdrawn status Lost status Source of classification or shelving scheme Damaged status Not for loan Home library Current library Shelving location Date acquired Total Checkouts Full call number Barcode Date last seen Copy number Price effective from Koha item type
    Dewey Decimal Classification     London London Journal article 14/12/2001   ABS64855 116002-1001 06/08/2019 1 06/08/2019 Journal article